| 000 | 00539nam a22001697a 4500 | ||
|---|---|---|---|
| 001 | 45660 | ||
| 003 | BD-DhUET | ||
| 008 | 250802b xxu||||| |||| 00| 0 eng d | ||
| 040 |
_c0 _dBD-DhUET |
||
| 100 | _aMahmudul Hasan | ||
| 245 | _aInvestigation of the structural, dielectric and magnetic properties of synthesised Molybdenum Trioxide incorporated cobalt ferrite nanocomposites | ||
| 260 |
_aDhaka _b Department of Physics, BUET _c2026 |
||
| 300 | _axiv, 91 p. | ||
| 501 | _aOne CD-ROM | ||
| 504 | _aIncludes bibliographies | ||
| 942 | _cTH | ||
| 999 |
_c45660 _d45660 |
||